000
00332nam a22001457a 4500
008
230414b ||||| |||| 00| 0 eng d
020
_a
9780679438083
041
_a
eng
080
_a
159.9
082
_a
159.9CHE
100
_a
25
101
_a
PSI
245
_a
TITAN THE LIFE OF JOHN D.ROCKEFELLER
_c
CHERNOW,R
942
_2
udc
_c
BK
999
_c
59551
_d
59551